| 000 | 00480nam a2200181Ia 4500 | ||
|---|---|---|---|
| 999 |
_c14252 _d14252 |
||
| 003 | OSt | ||
| 005 | 20201110114441.0 | ||
| 008 | 190216s9999||||xx |||||||||||||| ||und|| | ||
| 020 | _a1853262420 | ||
| 040 | _coclc | ||
| 082 |
_a883.01 _bHOM/I |
||
| 100 |
_aHomer _96233 |
||
| 245 | 4 |
_aThe Iliad / _cHomer |
|
| 260 |
_bWordsworth Classic, _aLondon: _c2003. |
||
| 300 | _a425p | ||
| 650 | _aEnglish-Poetry | ||
| 942 |
_cBK _2ddc _h883.01 _iHOM/I _k883.01 _mHOM/I |
||